Diritti dell'uomo diritto naturale: etica contemporanea
Guardat en:
| Autor principal: | |
|---|---|
| Format: | Llibre |
| Idioma: | italià |
| Publicat: |
Turín
G. Giappichelli
1989
|
| Col·lecció: | Recta Ratio testi e studi di filosofia del diritto, 4
|
| Matèries: | |
| Etiquetes: |
Afegir etiqueta
Sense etiquetes, Sigues el primer a etiquetar aquest registre!
|
MARC
| LEADER | 00000nam a2200000 a 4500 | ||
|---|---|---|---|
| 001 | UCV2784 | ||
| 003 | CL-VaPUC | ||
| 008 | 921109e19890000IT |||||||||||||||||ita|d | ||
| 082 | 0 | 4 | |a 323.4 |b VIO |2 21 |
| 100 | 0 | |a Viola, Francesco |e author |9 297051 | |
| 245 | 1 | 0 | |a Diritti dell'uomo diritto naturale: etica contemporanea |
| 300 | |a 218 p | ||
| 942 | |c BK | ||
| 945 | |d 19921109 00:00:00 | ||
| 260 | |a Turín |b G. Giappichelli |c 1989 | ||
| 650 | 0 | |a Derechos humanos |9 223025 | |
| 650 | 0 | |a Derecho natural |9 255041 | |
| 650 | 0 | |a Derecho y ética |9 255883 | |
| 650 | 0 | |a Filosofía del derecho |9 255050 | |
| 583 | |a last modification |c 19921109 00:00:00 |k Rodrigo Vera | ||
| 490 | 0 | |a Recta Ratio testi e studi di filosofia del diritto, 4 | |
| 999 | |c 210272 |d 210270 | ||
| 952 | |0 0 |1 0 |4 0 |6 323_400000000000000_VIO_1989 |7 0 |8 DER_TF |9 186377 |a BIBDER |b BIBDER |d 2019-11-14 |i 2538539 |o 323.4 VIO 1989 |p 2538539 |r 2023-01-25 |w 2019-11-14 |x Ubicación 4to Piso |y BK |z Estos recursos deben solicitarse con anticipación |k DER | ||